Культура диалога и её роль в формировании города равных возможностей: социальные группы, сообщества, власть, градопроектировщики; Университет, Бизнес и Власть: итоги взаимодействия за 10 лет

Dettagli Bibliografici
Parent link:Университет, Бизнес и Власть: итоги взаимодействия за 10 лет.— 2016.— [С. 116-119]
Autore principale: Родионова Е. В. Елена Викторовна
Ente Autore: Национальный исследовательский Томский политехнический университет (ТПУ) Институт социально-гуманитарных технологий (ИСГТ) Кафедра социальных коммуникаций (СК)
Altri autori: Колодий В. В. Вячеслав Владимирович, Гончарова Н. А. Наталья Александровна
Riassunto:Заглавие с экрана
Режим доступа: по договору с организацией-держателем ресурса
Lingua:russo
Pubblicazione: 2016
Soggetti:
Accesso online:http://elibrary.ru/item.asp?id=26157223
Natura: MixedMaterials Elettronico Capitolo di libro
KOHA link:https://koha.lib.tpu.ru/cgi-bin/koha/opac-detail.pl?biblionumber=651162

MARC

LEADER 00000naa0a2200000 4500
001 651162
005 20250617165318.0
035 |a (RuTPU)RU\TPU\network\16411 
090 |a 651162 
100 |a 20161103d2016 k y0rusy50 ca 
101 0 |a rus 
102 |a RU 
135 |a drgn ---uucaa 
181 0 |a i  
182 0 |a b 
200 1 |a Культура диалога и её роль в формировании города равных возможностей: социальные группы, сообщества, власть, градопроектировщики  |f Е. В. Родионова, В. В. Колодий, Н. А. Гончарова 
203 |a Текст  |c электронный 
300 |a Заглавие с экрана 
320 |a [Библиогр.: 13 назв.] 
333 |a Режим доступа: по договору с организацией-держателем ресурса 
463 1 |t Университет, Бизнес и Власть: итоги взаимодействия за 10 лет  |o материалы X Международного Форума "От науки к бизнесу", 11-13 мая 2016, Санкт-Петербург  |v [С. 116-119]  |d 2016 
610 1 |a электронный ресурс 
610 1 |a труды учёных ТПУ 
610 1 |a городская среда 
610 1 |a градостроители 
700 1 |a Родионова  |b Е. В.  |c специалист в области социальных коммуникаций  |c доцент Томского политехнического университета, кандидат философских наук  |f 1971-  |g Елена Викторовна  |3 (RuTPU)RU\TPU\pers\30242  |9 14619 
701 1 |a Колодий  |b В. В.  |c специалист в области культурологии и социальных коммуникаций  |c старший преподаватель Томского политехнического университета, кандидат филологических наук  |f 1984-  |g Вячеслав Владимирович  |3 (RuTPU)RU\TPU\pers\27133 
701 1 |a Гончарова  |b Н. А.  |c специалист в области культурологии и социальной коммуникации  |c старший преподаватель Томского политехнического университета  |f 1981-  |g Наталья Александровна  |3 (RuTPU)RU\TPU\pers\25992  |9 11841 
712 0 2 |a Национальный исследовательский Томский политехнический университет (ТПУ)  |b Институт социально-гуманитарных технологий (ИСГТ)  |b Кафедра социальных коммуникаций (СК)  |3 (RuTPU)RU\TPU\col\21254 
801 2 |a RU  |b 63413507  |c 20161103  |g RCR 
850 |a 63413507 
856 4 |u http://elibrary.ru/item.asp?id=26157223 
942 |c CF